| 000 | 00713nam a2200241 a 4500 | ||
|---|---|---|---|
| 001 | 73836 | ||
| 003 | BD-RjUL | ||
| 005 | 20211209082443.0 | ||
| 008 | 170612s1959 ge a 001 0 eng d | ||
| 035 | _a(BD-RjUL)74054 | ||
| 040 |
_aDLC _cODaWU _dOCoLC _dBD-RjUL _beng |
||
| 041 | _aeng | ||
| 082 |
_223 _a537.53 _bKNM 1959 |
||
| 100 | 1 |
_aKnoll, Max _d1897- _9218631 |
|
| 245 | 1 | 0 |
_aMaterials and processes of electron devices / _cMax Knoll & B.Kazan |
| 260 |
_aBerlin : _bSpringer-Verlag, _c1959. |
||
| 300 |
_axiii, 484 p. : _bill. ; _c25 cm. |
||
| 500 | _aincludes Index. | ||
| 650 | 0 |
_aElectronic apparatus and appliances. _9218632 |
|
| 700 |
_aKazan, B. _9218633 |
||
| 942 |
_2ddc _cBK |
||
| 999 |
_c73836 _d73836 |
||